000 00374 a2200169 4500
001 175286
020 _a85-16-01382-0
040 _cMagnum
100 _aOlic, Nelson Bacic
240 1 0 _aA hora do sul: região sul
_lpor
245 1 0 _aA hora do sul: região sul
300 _a87
362 0 _a1997
440 1 _aModerna
697 _aGEOGRAFIA DO BRASIL
942 _cBK
999 _c175286
_d175286